Carregando...

Child development

Detalhes bibliográficos
Autor principal: Hurlock, Elizabeth B
Formato: Printed Book
Edição:6
Assuntos:
LEADER 00367 a2200109 4500
100 |a Hurlock, Elizabeth B 
245 |a Child development 
250 |a 6 
650 |a Child Psychology 
942 |c BK  |2 ddc 
999 |c 178794  |d 178794 
952 |0 0  |1 0  |2 ddc  |4 0  |6 155_400000000000000_HUR_C  |7 0  |9 198086  |a EDU  |b EDU  |c REF  |d 2010-10-20  |i 149  |l 4  |o 155.4 HUR/C  |p EDU149  |r 2020-03-05  |s 2015-06-05  |w 2010-10-20  |y REF